LEADER 01293cam0-2200397---450- 001 990000770880203316 005 20090714151248.0 010 $a88-324-4421-6 035 $a0077088 035 $aUSA010077088 035 $a(ALEPH)000077088USA01 035 $a0077088 100 $a20011126d2001----|||y0itay0103----ba 101 0 $aita 102 $aIT 105 $a||||||||001yy 200 1 $a<>affitto d'azienda$edisciplina civilistica del contratto, adempimenti fiscali e contabili, formulario anche su floppy$fMarco Levis, Emanuela Gromis di Trana 205 $a4. ed. 210 $aMilano$cIl sole 24 ore$d2001 215 $aXIX, 383, 7 p.$d24 cm$e+ 1 floppy-disk 610 $aAziende Affitto 676 $a346.4504346 700 1$aLEVIS,$bMarco$0381675 701 1$aGROMIS DI TRANA,$bEmanuela$0541836 801 $aIT$bSALBC$gISBD 912 $a990000770880203316 951 $aXXV.1.H 249 (IG I 1613 A)$b31975 G.$cXXV.1.H 249 (IG I)$d00079293 959 $aBK 969 $aGIU 979 $aANGELA$b90$c20011126$lUSA01$h1325 979 $c20020403$lUSA01$h1724 979 $aPATRY$b90$c20040406$lUSA01$h1653 979 $aRSIAV5$b90$c20090714$lUSA01$h1512 979 $aCHIARA$b90$c20110519$lUSA01$h1422 996 $aAffitto d'azienda$91514846 997 $aUNISA LEADER 01193cam2 22003011 450 001 SOBE00044128 005 20160912094958.0 100 $a20140707d1967 |||||ita|0103 ba 101 $aita 102 $aIT 200 0 $a1$fRaffaello Borghini 210 $aMilano$cEdizioni Labor$d1967 215 $a[54], 648 p.$d25 cm 225 2 $aGli storici della Letteratura artistica italiana$v13 300 $aRiprod. facs. dell'ed. : In Fiorenza : appresso Giorgio Marescotti, 1584. - Ed. di 1000 esempl. num. 410 1$1001LAEC00017934$12001 $a*Gli storici della Letteratura artistica italiana$v13 461 1$1001SOBE00044127$12001 $a<>riposo / Raffaello Borghini ; saggio biobibliografico e indice analitico a cura di Mario Rosci 700 1$aBorghini$b, Raffaello$3SOBA00009373$4070$0189722 702 1$aRosci, Mario$3SOBA00010230$4070 801 0$aIT$bUNISOB$c20160912$gRICA 850 $aUNISOB 852 $aUNISOB$j700$m64800 912 $aSOBE00044128 940 $aM 102 Monografia moderna SBN 941 $aW 957 $a700$b000854$i-1$gSI$d64800$racquisto$1catenacci$2UNISOB$3UNISOB$420140707075827.0$520160912094958.0$6Alfano 996 $a1$91710331 997 $aUNISOB